| 000 | 00825nam a22002417a 4500 | ||
|---|---|---|---|
| 999 |
_c64970 _d64970 |
||
| 005 | 20240530110800.0 | ||
| 008 | 190122s2018 ua ||||| |||| 00| 1dara d | ||
| 017 |
_a2018/15923 _bمصر. دار الكتب |
||
| 020 | _a9789773805760 | ||
| 040 |
_aEG-CaGPL _cEG-CaGPL |
||
| 082 | 0 | 4 |
_221 _a792.015 / _bن ت |
| 100 | 0 | _aنهاد ابراهيم | |
| 245 | 1 | 0 |
_aتوفيق الحكيم من المسرح الى السينما / _cنهاد ابراهيم |
| 250 | _aط.1 | ||
| 260 |
_aالقاهرة : _bدار العلوم للنشر والتوزيع، _c2018. |
||
| 300 |
_a105 ص. ؛ _c24 سم. |
||
| 650 | 0 | 7 |
_2qrmak _aالمسرح |
| 650 | 0 | 7 |
_2qrmak _aالمسرح _xنقد |
| 650 | 0 | 7 |
_2qrmak _aالمسرحيات _xتاريخ ونقد |
| 651 | _2qrmak | ||
| 942 |
_2ddc _cBK |
||